Normal view
MARC view
- Sykes, J. B
Entry Personal Name
001 - CONTROL NUMBER
- control field: 47014
003 - CONTROL NUMBER IDENTIFIER
- control field: NUST
005 - DATE AND TIME OF LATEST TRANSACTION
- control field: 20210314133708.0
008 - FIXED-LENGTH DATA ELEMENTS
- fixed length control field: 210314|| aca||aabn | a|a d
040 ## - CATALOGING SOURCE
- Original cataloging agency: NUST
- Transcribing agency: NUST
100 ## - HEADING--PERSONAL NAME
- Personal name: Sykes, J. B
670 ## - SOURCE DATA FOUND
- Source citation: Work cat.: (NUST): Fowler, H. W. 47012, The concise Oxford dictionary of current English :, 1976.
